000 00436nam a22001697a 4500
003 OSt
005 20260330130137.0
008 260330b |||||||| |||| 00| 0 eng d
020 _a9789363987272
040 _cBGL
100 _aBeveridge Henry
245 _aA Comprehensive History Of India : Civil, Military & Social VOL-3
260 _aNew Delhi
_bNation Press
_c2025
300 _a900p
650 _aGeneral
942 _2ddc
_cREF
999 _c44353
_d44353